000
00293nam a22001097a 4500
082
_a
100
100
_a
Stephen Jeyaseela
_9
79680
245
_a
The Sky of Undian History :Themes and Thought of Rabindranath Tagore
260
_a
Delhi
_b
UBS Pub
_c
2010
650
_a
Philosophy
_9
79681
942
_c
BK
999
_c
63303
_d
63303